000 01335pam a2200421 a 4500
001 data
005 20260322212105.0
008 data
035 _a4359692
906 _a7
_bcbc
_corignew
_d1
_eocip
_f19
_gy-gencatlg
010 _a 90003243
020 _a0917227069 :
_c$12.00
020 _a9780917227066
035 _9(DLC) 90003243
040 _aDNLM/DLC
_cDLC
_dDLC
041 1 _aeng
_hswe
050 0 0 _aRA651
_b.A6613 1990
060 _aWA 105 A285g
082 0 0 _a614.4
_220
100 1 _aAhlbom, Anders.
240 1 0 _aGrunderna i epidemiologi.
_lEnglish
245 1 0 _aIntroduction to modern epidemiology /
_cAnders Ahlbom, Staffan Norell.
250 _a2nd ed.
260 _aChestnut Hill, MA :
_bEpidemiology Resources,
_c1990.
300 _av, 102 p. :
_bill. ;
_c23 cm.
336 _atext
_btxt
_2rdacontent
337 _aunmediated
_bn
_2rdamedia
338 _avolume
_bnc
_2rdacarrier
500 _aTranslation of: Grunderna i epidemiologi.
504 _aIncludes bibliographical references and index.
650 0 _aEpidemiology.
650 2 _aEpidemiology.
700 1 _aNorell, Staffan.
740 0 _aModern epidemiology.
991 _bc-GenColl
_hRA651
_i.A6613 1990
_p00030853994
_tCopy 1
_wBOOKS
999 _c1531
_d1531